Statistiques concernant Devinez le Département Mystère #62

Cliquez ici pour prendre le quiz!

Statistiques générales

  • Ce quiz a été pris 115 fois
  • Le résultat moyen est 29 sur 30

Statistiques - réponses

Type de RéponseRéponse% Correct
Lettre TrouvéeA
98%
Lettre de l'AlphabetD
98%
Lettre de l'AlphabetE
98%
Lettre de l'AlphabetL
98%
Lettre de l'AlphabetO
98%
Lettre de l'AlphabetR
98%
Lettre de l'AlphabetT
98%
Lettre de l'AlphabetU
98%
Lettre de l'AlphabetB
97%
Lettre de l'AlphabetG
97%
Lettre TrouvéeN
97%
Lettre de l'AlphabetS
97%
Lettre de l'AlphabetV
97%
Lettre de l'AlphabetC
95%
Lettre de l'AlphabetF
95%
Lettre de l'AlphabetH
95%
Lettre TrouvéeI
95%
Lettre de l'AlphabetM
95%
Lettre de l'AlphabetP
95%
Lettre de l'AlphabetY
95%
Lettre Bien PlacéeA
94%
Département MystèreAin
94%
Lettre Bien PlacéeI
94%
Lettre de l'AlphabetJ
94%
Lettre de l'AlphabetK
94%
Lettre Bien PlacéeN
94%
Lettre de l'AlphabetQ
94%
Lettre de l'AlphabetW
94%
Lettre de l'AlphabetX
94%
Lettre de l'AlphabetZ
94%

Distribution des résultats

Percentile par nombre de réponses

% des personnes avec chaque résultat

Votre développement - résultats

Vous n’avez pas pris ce quiz